000 00614nam a2200145Ia 4500
008 100122s9999 xx 000 0 und d
082 _b31693
_a326.954
100 _aगवळी पी ए
245 _aपेशवेकालिन गुलामगिरी व अस्पृश्यता
260 _bप्रचार प्रकाशन
_c1981
300 _a98
630 _aपेशवेकालिन गुलामगिरी व अस्पृश्यता
730 _aपेशवेकालिन गुलामगिरी व अस्पृश्यता
942 _cBOOK
999 _c416217
_d416214